Sports Quiz

Random Sports or State Quiz

Horse Racing Tracks And Their States/Provinces Quiz Stats

 Plays Quiz not verified by Sporcle

Challenge
Share
Tweet
Embed
Score 0/50 Timer 05:00
0 Plays Today
Track Name State/Province % Correct
Belmont ParkNew York
96.6%
Delaware ParkDelaware
96.2%
Churchill DownsKentucky
95.5%
AqueductNew York
93.6%
Kentucky DownsKentucky
93.2%
Hollywood ParkCalifornia
90.5%
Del MarCalifornia
90.2%
Indiana DownsIndiana
90.2%
Lone Star ParkTexas
88.3%
Louisiana DownsLouisiana
87.9%
Golden Gate FieldsCalifornia
87.1%
Gulfstream ParkFlorida
87.1%
KeenelandKentucky
87.1%
Hoosier ParkIndiana
83.7%
Santa Anita ParkCalifornia
83%
PimlicoMaryland
81.8%
Tampa Bay DownsFlorida
81.8%
SaratogaNew York
81.4%
Sam HoustonTexas
79.2%
Arlington ParkIllinois
78.4%
Monmouth ParkNew Jersey
77.7%
Delta DownsLouisiana
76.9%
Los AlamitosCalifornia
76.5%
MountaineerWest Virginia
76.1%
Portland MeadowsOregon
76.1%
Track Name State/Province % Correct
Calder Race CourseFlorida
74.6%
Finger LakesNew York
73.5%
Santa RosaCalifornia
73.5%
Laurel ParkMaryland
67.8%
HawthorneIllinois
64.4%
Emerald DownsWashington
62.1%
ParxPennsylvania
62.1%
Oaklawn ParkArkansas
61.7%
Ellis ParkKentucky
55.7%
Sunland ParkNew Mexico
55.3%
WoodbineOntario
54.9%
Turfway ParkKentucky
53.8%
Turf ParadiseArizona
51.5%
Canturbury ParkMinnesota
50.8%
FairplexCalifornia
50%
Remington ParkOklahoma
48.5%
Prairie MeadowsIowa
45.5%
ThistledownOhio
45.1%
Presque Isle DownsPennsylvania
44.3%
Fairmount ParkIllinois
42.8%
River DownsOhio
41.3%
Hastings ParkBritish Columbia
37.1%
Yavapai DownsArizona
34.5%
Les BoisIdaho
33.7%
Nortlands ParkAlberta
23.9%

You're not logged in!

Compare scores with friends on all Sporcle quizzes.
Join for Free
OR
Log In

You Might Also Like...

Show Comments

Extras

Top Quizzes Today


Score Distribution

Your Account Isn't Verified!

In order to create a playlist on Sporcle, you need to verify the email address you used during registration. Go to your Sporcle Settings to finish the process.

Report this User

Report this user for behavior that violates our Community Guidelines.

Details: